[Event "ICS rated blitz match"]
[Site "204.178.125.65"]
[Date "2000.03.04"]
[Round "?"]
[White "Hossa"]
[Black "Slivovitz"]
[Result "1-0"]
[WhiteElo "2412"]
[BlackElo "2078"]
[PlyCount "30"]

1. e4 e5 2. Nf3 Nc6 3. d4 exd4 4. Nxd4 Bc5 5. Be3 Qf6 6. c3 Nge7 7. Bc4 O-O 8.
O-O Ng6 9. Nb5 Bxe3 10. Nxc7 Bf4 11. Nxa8 b6 12. Bb5 Bb7 13. g3 Bb8 14. Nxb6
axb6 15. Qxd7 Qe7 1-0

[Event "ICS rated blitz match"]
[Site "204.178.125.65"]
[Date "2000.03.04"]
[Round "?"]
[White "Hossa"]
[Black "kabayo"]
[Result "1-0"]
[WhiteElo "2416"]
[BlackElo "2271"]
[PlyCount "41"]

1. e4 c5 2. Nf3 d6 3. d4 cxd4 4. Nxd4 Nf6 5. Nc3 a6 6. Bg5 e6 7. f4 Nbd7 8. Qf3
h6 9. Bh4 Be7 10. Be2 Qc7 11. Bf2 g5 12. g3 b6 13. h3 Bb7 14. Rd1 b5 15. a3 d5
16. e5 Ne4 17. Nxe4 dxe4 18. Qe3 Bc5 19. Bh5 Bd5 20. c3 Qc6 21. Nxc6 1-0

[Event "ICS rated blitz match"]
[Site "204.178.125.65"]
[Date "2000.03.04"]
[Round "?"]
[White "kabayo"]
[Black "Hossa"]
[Result "0-1"]
[WhiteElo "2237"]
[BlackElo "2435"]
[PlyCount "35"]

1. e3 e5 2. Nc3 Nf6 3. Nf3 e4 4. Ng5 d5 5. h4 h6 6. Nh3 Bb4 7. d4 exd3 8. cxd3
O-O 9. Nf4 d4 10. exd4 Qxd4 11. Bd2 Bg4 12. Be2 Bxe2 13. Ncxe2 Qxb2 14. Bxb4
Qxb4+ 15. Kf1 Qa5 16. Qb3 Qb6 17. Ng3 Qd4 18. Re1 0-1

[Event "ICS rated bullet match"]
[Site "204.178.125.65"]
[Date "2000.03.04"]
[Round "?"]
[White "Hossa"]
[Black "Hullio"]
[Result "1-0"]
[WhiteElo "2375"]
[BlackElo "2305"]
[PlyCount "127"]

1. e4 e5 2. Nf3 Nc6 3. Bb5 a6 4. Ba4 Nf6 5. O-O Nxe4 6. d4 b5 7. Bb3 d5 8. dxe5
Be6 9. c3 Nc5 10. Bc2 Be7 11. Nd4 Qd7 12. Nxc6 Qxc6 13. Be3 O-O 14. Bxc5 Bxc5
15. Qh5 g6 16. Qh6 Rae8 17. a4 f6 18. axb5 axb5 19. Bxg6 hxg6 20. Qxg6+ Kh8 21.
Qh6+ Kg8 22. exf6 Rf7 23. Qg5+ Kh8 24. b4 Rg8 25. Qh5+ Rh7 26. Qf3 Bg4 27. Qd3
Bd6 28. f4 Qb6+ 29. Kh1 d4 30. Ra5 c6 31. Nd2 Rf8 32. Ne4 Bb8 33. Qxd4 Qxd4 34.
cxd4 Bf5 35. Ng3 Bd3 36. Rd1 Bc4 37. Ra8 Rhf7 38. Ne4 Bd5 39. Nc3 Rxf6 40. Nxd5
cxd5 41. g3 Re6 42. Ra5 Rb6 43. Re1 Bd6 44. Re6 Rf7 45. Ra2 Re7 46. Rxe7 Bxe7
47. Ra7 Bxb4 48. Kg2 Bc3 49. Rd7 b4 50. Rxd5 b3 51. Rd8+ Kg7 52. Rd7+ Kf6 53.
Rh7 b2 54. Rh6+ Kf5 55. Rxb6 Bxd4 56. Rb3 Ke4 57. Kf1 Kd5 58. Ke2 Kc4 59. Rb7
Bc3 60. Kd1 Kd3 61. Rb3 Kc4 62. Kc2 Bd4 63. f5 Be5 64. Rxb2 1-0

[Event "ICS rated blitz match"]
[Site "204.178.125.65"]
[Date "2000.03.04"]
[Round "?"]
[White "Hossa"]
[Black "NSg3"]
[Result "1-0"]
[WhiteElo "2443"]
[BlackElo "2081"]
[PlyCount "87"]

1. d4 Nf6 2. c4 c5 3. d5 e5 4. Nc3 d6 5. e4 g6 6. Bd3 Bg7 7. Nge2 O-O 8. O-O a6
9. f4 exf4 10. Bxf4 Nh5 11. Be3 Nd7 12. g4 Nhf6 13. g5 Ne8 14. Na4 Ne5 15. Bf4
Bd7 16. Nac3 f6 17. gxf6 Nxf6 18. Bxe5 dxe5 19. Qe1 Nh5 20. Rxf8+ Qxf8 21. Qf1
Qxf1+ 22. Rxf1 Rf8 23. Rxf8+ Bxf8 24. Bc2 Bd6 25. Ba4 Bxa4 26. Nxa4 Kf7 27. Kf2
Ke7 28. Nb6 Kd8 29. a4 Nf6 30. Kf3 Bc7 31. Na8 Bd6 32. a5 Ne8 33. Nb6 Bc7 34.
Nc3 Bxb6 35. axb6 Nd6 36. b3 Nc8 37. Na4 h6 38. Nxc5 Nxb6 39. Nxb7+ Kc7 40. Nc5
a5 41. Ne6+ Kd6 42. c5+ Kd7 43. cxb6 Kc8 44. Nc5 1-0

[Event "ICS rated blitz match"]
[Site "204.178.125.65"]
[Date "2000.03.04"]
[Round "?"]
[White "MrsLovett"]
[Black "Hossa"]
[Result "1-0"]
[WhiteElo "2838"]
[BlackElo "2451"]
[PlyCount "105"]

1. e4 e5 2. Nf3 Nc6 3. Bb5 a6 4. Ba4 Nf6 5. O-O Be7 6. Re1 b5 7. Bb3 O-O 8. a4
Bb7 9. d3 d6 10. Nbd2 Na5 11. Ba2 bxa4 12. Nf1 Nd7 13. Ne3 Nc5 14. Bd2 Nc6 15.
Nd5 Rb8 16. Be3 a3 17. b4 Ne6 18. c3 Bf6 19. Qc1 Ra8 20. Qxa3 Re8 21. Qa4 Rf8
22. Nxf6+ Qxf6 23. Bd5 Ncd8 24. Bxb7 Nxb7 25. Qc6 Rfb8 26. Rxa6 Rxa6 27. Qxa6
Nbd8 28. Qa4 c6 29. Ra1 Nf4 30. Bxf4 exf4 31. Nd4 Rb6 32. Qa5 Rb7 33. Qa8 c5
34. Nc6 Rd7 35. Qc8 Qxc3 36. Rf1 h5 37. Qxd7 Nxc6 38. Qxc6 Qxd3 39. b5 Qb3 40.
b6 Kh7 41. b7 f3 42. Qd5 c4 43. Ra1 f5 44. Qxf5+ Kh6 45. Qc8 Qc3 46. Rd1 fxg2
47. Rxd6+ g6 48. Qf8+ Qg7 49. Qxg7+ Kxg7 50. b8=Q h4 51. Qe8 h3 52. Rxg6+ Kh7
53. Qg8# 1-0

[Event "ICS rated blitz match"]
[Site "204.178.125.65"]
[Date "2000.03.04"]
[Round "?"]
[White "Hossa"]
[Black "brutus"]
[Result "1-0"]
[WhiteElo "2448"]
[BlackElo "2119"]
[PlyCount "67"]

1. c4 Nf6 2. Nc3 d5 3. cxd5 Nxd5 4. d4 g6 5. Nf3 Bg7 6. Nxd5 Qxd5 7. e3 c5 8.
Qc2 Nd7 9. Bc4 Qd6 10. O-O O-O 11. Rd1 cxd4 12. Nxd4 Qb6 13. Qe4 e6 14. Qh4 Nf6
15. Nf3 Rd8 16. Rxd8+ Qxd8 17. Bb3 Bd7 18. e4 Bc6 19. Bg5 h6 20. Rd1 Qe7 21.
Bxh6 Bxe4 22. Ne5 Bd5 23. Bxd5 Nxd5 24. Qxe7 Nxe7 25. Bxg7 Kxg7 26. Rd7 Rc8 27.
h4 Kf6 28. Ng4+ Kf5 29. f3 Re8 30. Rxb7 a5 31. Ra7 Kf4 32. Kf2 Nf5 33. Rxf7 Rc8
34. g3# 1-0

[Event "ICS rated blitz match"]
[Site "204.178.125.65"]
[Date "2000.03.04"]
[Round "?"]
[White "brutus"]
[Black "Hossa"]
[Result "0-1"]
[WhiteElo "2115"]
[BlackElo "2452"]
[PlyCount "43"]

1. e4 c5 2. Nf3 d6 3. d4 cxd4 4. Nxd4 Nf6 5. Nc3 a6 6. Be3 e5 7. Nb3 Be6 8. f3
Be7 9. Qd2 O-O 10. g4 d5 11. exd5 Nxd5 12. Nxd5 Bxd5 13. Bg2 Bh4+ 14. Bf2 Bxb3
15. Qxd8 Bxf2+ 16. Kxf2 Rxd8 17. cxb3 Rd2+ 18. Kg3 Rxb2 19. Rhd1 Nc6 20. Rd7
Nd4 21. Rxb7 Ne2+ 22. Kf2 0-1

[Event "ICS rated blitz match"]
[Site "204.178.125.65"]
[Date "2000.03.04"]
[Round "?"]
[White "Hossa"]
[Black "Bachelor"]
[Result "1/2-1/2"]
[WhiteElo "2456"]
[BlackElo "2418"]
[PlyCount "83"]

1. e4 d5 2. exd5 Nf6 3. d4 Nxd5 4. Nf3 g6 5. c4 Nb6 6. Nc3 Bg7 7. Be3 O-O 8.
Be2 Nc6 9. d5 Ne5 10. Nxe5 Bxe5 11. Bh6 Re8 12. O-O e6 13. dxe6 Bxe6 14. Qxd8
Raxd8 15. c5 Nc4 16. Bxc4 Bxc4 17. Rfc1 b6 18. cxb6 cxb6 19. h4 f6 20. g3 Bd4
21. Kg2 Ba6 22. Re1 Bb7+ 23. f3 Rxe1 24. Rxe1 Kf7 25. Rd1 Ke7 26. Bf8+ Kxf8 27.
Nb5 Rd5 28. Nxd4 Ke7 29. a4 a6 30. b4 Kd6 31. Kf2 h6 32. b5 axb5 33. axb5 Kc5
34. Ke3 Re5+ 35. Kd3 g5 36. Rc1+ Kd6 37. hxg5 hxg5 38. g4 Rc5 39. Nf5+ Kd5 40.
Ne3+ Kd6 41. Nf5+ Kd5 42. Ne3+ 1/2-1/2

[Event "ICS rated blitz match"]
[Site "204.178.125.65"]
[Date "2000.03.04"]
[Round "?"]
[White "NETAO"]
[Black "Hossa"]
[Result "0-1"]
[WhiteElo "2061"]
[BlackElo "2455"]
[PlyCount "84"]

1. e4 e5 2. f4 exf4 3. Bc4 Nf6 4. Nc3 c6 5. Qf3 d5 6. exd5 Bd6 7. dxc6 Bg4 8.
Qf2 Nxc6 9. Nf3 Qe7+ 10. Qe2 O-O-O 11. Qxe7 Bxe7 12. d3 Bxf3 13. gxf3 Nd4 14.
Bb3 Bc5 15. Bxf4 Nxf3+ 16. Kd1 g5 17. Bg3 Rhf8 18. Rf1 g4 19. Ne2 Ne4 20. Kc1
Be3+ 21. Kd1 h5 22. a4 Ned2 23. Rh1 Nxb3 24. cxb3 Rxd3+ 25. Kc2 Rd2+ 26. Kc3 h4
27. Bf4 Rxe2 28. Bxe3 Rxe3+ 29. Kb4 Re2 30. Rac1+ Kb8 31. Rc4 Rxh2 32. Rd1 f5
33. Rd7 Ne5 34. Rh7 Nxc4 35. bxc4 f4 36. Ka3 f3 37. a5 f2 38. a6 bxa6 39. c5
f1=Q 40. c6 Qd3+ 41. b3 Qd6+ 42. Ka4 Ra2# 0-1

[Event "ICS rated blitz match"]
[Site "204.178.125.65"]
[Date "2000.03.04"]
[Round "?"]
[White "Hossa"]
[Black "NETAO"]
[Result "1-0"]
[WhiteElo "2458"]
[BlackElo "2058"]
[PlyCount "91"]

1. e4 e5 2. Nf3 Nc6 3. Bb5 Nf6 4. O-O Bc5 5. Nxe5 Nxe5 6. d4 Bxd4 7. Qxd4 Nc6
8. Bxc6 dxc6 9. Qxd8+ Kxd8 10. Bg5 h6 11. Bxf6+ gxf6 12. Nc3 Ke7 13. Rad1 Rg8
14. Rd3 Be6 15. Rfd1 b6 16. f4 f5 17. e5 Rad8 18. Kf2 Rxd3 19. Rxd3 Rd8 20.
Rxd8 Kxd8 21. g3 Ke7 22. h3 f6 23. Ne2 fxe5 24. fxe5 c5 25. Nc3 c6 26. a3 b5
27. Ke3 a5 28. Kf4 Kf7 29. a4 b4 30. Nd1 c4 31. Ne3 Kg6 32. Ng2 c3 33. bxc3
bxc3 34. Nh4+ Kf7 35. Nxf5 Bb3 36. Nxh6+ Ke6 37. Nf5 Bxa4 38. g4 c5 39. Ne3 Be8
40. h4 Bg6 41. h5 Bh7 42. g5 a4 43. g6 a3 44. gxh7 a2 45. h8=Q a1=Q 46. Qe8#
1-0

[Event "ICS rated bullet match"]
[Site "204.178.125.65"]
[Date "2000.03.04"]
[Round "?"]
[White "Hossa"]
[Black "ZukertortsGhost"]
[Result "0-1"]
[WhiteElo "2385"]
[BlackElo "2123"]
[PlyCount "96"]

1. e4 d5 2. exd5 c6 3. dxc6 Nxc6 4. Nf3 e5 5. Bb5 Qc7 6. O-O Bd6 7. d4 e4 8.
Re1 f5 9. c4 Bd7 10. d5 Ne5 11. Nxe5 Bxe5 12. Bxd7+ Qxd7 13. Qe2 Nf6 14. Bg5
O-O 15. Bxf6 Rxf6 16. Nc3 Rh6 17. g3 Rf8 18. Qc2 Qf7 19. Qb3 Qh5 20. h4 Qg4 21.
Qxb7 Rxh4 22. Qxa7 Bxg3 23. Re3 Bb8+ 24. Rg3 Qxg3+ 25. fxg3 Bxa7+ 26. Kg2 Rg4
27. Nb5 Bc5 28. b4 Bxb4 29. Rb1 Bc5 30. Nc3 Bd4 31. Ne2 Be5 32. a4 f4 33. Kh3
Rg6 34. Nxf4 Bxf4 35. gxf4 Rxf4 36. Rb8+ Rf8 37. Rb4 h6 38. c5 e3 39. c6 e2 40.
Rb1 Rf1 41. c7 Rxb1 42. c8=Q+ Kh7 43. Qg4 Rh1+ 44. Kg2 Rxg4+ 45. Kf3 e1=Q 46.
a5 Qg3+ 47. Ke2 Rh2+ 48. Kf1 Qg1# 0-1

[Event "ICS rated blitz match"]
[Site "204.178.125.65"]
[Date "2000.03.04"]
[Round "?"]
[White "Bachelor"]
[Black "Hossa"]
[Result "0-1"]
[WhiteElo "2408"]
[BlackElo "2461"]
[PlyCount "26"]

1. e4 c5 2. c4 Nc6 3. Nc3 d6 4. d3 Nf6 5. g3 Nd4 6. Bg2 Bg4 7. f3 Bh5 8. h3 e6
9. Be3 Be7 10. g4 Bg6 11. f4 Nd7 12. f5 Bg5 13. Qd2 Bxe3 0-1

[Event "ICS rated blitz match"]
[Site "204.178.125.65"]
[Date "2000.03.04"]
[Round "?"]
[White "Cypress"]
[Black "Hossa"]
[Result "1-0"]
[WhiteElo "2291"]
[BlackElo "2478"]
[PlyCount "117"]

1. d4 Nf6 2. c4 e6 3. Nc3 Bb4 4. f3 d5 5. a3 Bxc3+ 6. bxc3 c5 7. e3 O-O 8. cxd5
exd5 9. Bd3 b6 10. Ne2 Ba6 11. Bb1 Nc6 12. O-O Qc7 13. Re1 Rfe8 14. Ng3 Bc4 15.
e4 Ne7 16. e5 Nd7 17. f4 Rac8 18. f5 Nc6 19. f6 cxd4 20. cxd4 g6 21. Bf4 Nxf6
22. Qd2 Ng4 23. h3 Ngxe5 24. dxe5 Nxe5 25. Bc2 g5 26. Bxe5 Rxe5 27. Nf5 Rxe1+
28. Rxe1 f6 29. Ne7+ Kh8 30. Nxc8 Qxc8 31. Qd4 Qf8 32. Bf5 Kg8 33. Qe3 h5 34.
g4 hxg4 35. hxg4 a6 36. Qe7 Qxe7 37. Rxe7 b5 38. Kf2 a5 39. Ra7 a4 40. Ke3 Kf8
41. Kd4 Bb3 42. Be6 Bc2 43. Bxd5 Bd1 44. Kc5 Bxg4 45. Kxb5 Bd1 46. Kc5 g4 47.
Kd6 Bb3 48. Bxb3 axb3 49. Rb7 Ke8 50. Rxb3 Kf7 51. a4 f5 52. a5 f4 53. a6 Kf6
54. a7 Kg6 55. a8=Q Kg7 56. Qe8 f3 57. Qe6 Kh8 58. Rb7 g3 59. Qe8# 1-0

[Event "ICS rated bullet match"]
[Site "204.178.125.65"]
[Date "2000.03.04"]
[Round "?"]
[White "ZukertortsGhost"]
[Black "Hossa"]
[Result "0-1"]
[WhiteElo "2136"]
[BlackElo "2359"]
[PlyCount "68"]

1. d4 d5 2. f3 c5 3. e4 dxe4 4. d5 Nf6 5. Nc3 exf3 6. Nxf3 Nbd7 7. Bg5 h6 8.
Bf4 Qa5 9. Qd2 g5 10. Bg3 g4 11. Ne5 Nxe5 12. Bxe5 Bd7 13. Bd3 Bg7 14. d6 c4
15. Bxf6 Bxf6 16. Bxc4 Qe5+ 17. Be2 exd6 18. O-O-O Bg5 19. Qxg5 hxg5 20. Rhe1
O-O-O 21. Bd3 Qxh2 22. Nd5 Qxg2 23. Ne7+ Kb8 24. Be4 Qf2 25. Nd5 Rh2 26. Bd3
Qf3 27. Nc3 f5 28. Rf1 Qg2 29. Rfe1 Qf2 30. Re2 Qf4+ 31. Kb1 Rxe2 32. Bxe2 Qh2
33. Bd3 g3 34. Nd5 g2 0-1

[Event "ICS rated bullet match"]
[Site "204.178.125.65"]
[Date "2000.03.04"]
[Round "?"]
[White "Hossa"]
[Black "ZukertortsGhost"]
[Result "1/2-1/2"]
[WhiteElo "2366"]
[BlackElo "2129"]
[PlyCount "121"]

1. e4 d5 2. exd5 Nf6 3. d4 Bg4 4. Be2 Bxe2 5. Qxe2 Qxd5 6. Nf3 e6 7. Bf4 Bd6 8.
Bxd6 cxd6 9. c4 Qe4 10. Qxe4 Nxe4 11. Nbd2 Nxd2 12. Kxd2 Nd7 13. Rhe1 O-O 14.
a3 Nb6 15. b3 d5 16. Kc3 dxc4 17. bxc4 Rac8 18. c5 Nd5+ 19. Kd2 b6 20. Rec1
bxc5 21. dxc5 Rc7 22. Rab1 Rfc8 23. Rb5 f6 24. Nh4 Kf7 25. a4 Ke7 26. Nf3 e5
27. Nh4 g6 28. c6 Nf4 29. Rb7 Ne6 30. a5 a6 31. Rb6 Nd4 32. Nf3 Nxc6 33. Rxa6
e4 34. Nh4 Ne5 35. Rxc7+ Rxc7 36. Ra8 Kd6 37. a6 Kc6 38. Ke3 f5 39. h3 Kb6 40.
Kd4 Nc6+ 41. Ke3 Ra7 42. Rxa7 Kxa7 43. g4 fxg4 44. hxg4 Kxa6 45. Kxe4 Kb7 46.
f4 Kc7 47. f5 gxf5+ 48. gxf5 Kd7 49. Nf3 Ke7 50. Ng5 h6 51. Ne6 Kf6 52. Nf4 Ne7
53. Nh5+ Kf7 54. f6 Ng8 55. Kf5 Nxf6 56. Nxf6 h5 57. Ke5 h4 58. Kf5 h3 59. Ne4
h2 60. Nf2 h1=Q 61. Nxh1 1/2-1/2

[Event "ICS rated blitz match"]
[Site "204.178.125.65"]
[Date "2000.03.04"]
[Round "?"]
[White "xroniko"]
[Black "Hossa"]
[Result "0-1"]
[WhiteElo "2052"]
[BlackElo "2472"]
[PlyCount "32"]

1. d4 Nf6 2. Nf3 e6 3. c4 b6 4. g3 Ba6 5. b3 d5 6. Bg2 c5 7. O-O Nc6 8. b4 Bxc4
9. bxc5 bxc5 10. Nbd2 Bb5 11. Nb3 c4 12. a4 Ba6 13. Nc5 Bxc5 14. dxc5 Qa5 15.
Bb2 Qxc5 16. Bxf6 gxf6 0-1

[Event "ICS rated blitz match"]
[Site "204.178.125.65"]
[Date "2000.03.04"]
[Round "?"]
[White "Hossa"]
[Black "PATACON"]
[Result "1-0"]
[WhiteElo "2475"]
[BlackElo "2344"]
[PlyCount "103"]

1. d4 Nf6 2. c4 g6 3. Nc3 Bg7 4. e4 d6 5. Nf3 O-O 6. Be2 e5 7. O-O Na6 8. dxe5
dxe5 9. Bg5 h6 10. Bh4 Qe8 11. Bxf6 Bxf6 12. Nd5 Bd8 13. Qd2 c6 14. Nc3 Kh7 15.
Rad1 Bf6 16. Qe3 Nc7 17. Rd6 Ne6 18. Rfd1 Bg7 19. Qd2 Nd4 20. Nxd4 exd4 21.
Rxd4 Bxd4 22. Qxd4 Be6 23. Qf6 Rd8 24. Rd4 Rxd4 25. Qxd4 b6 26. Qd6 Qd8 27.
Qxc6 Qd2 28. Qb5 Qe1+ 29. Bf1 Rc8 30. Nd5 Rc5 31. Qa4 Kg7 32. Qxa7 Qxe4 33.
Nxb6 Rg5 34. Qa3 Qd4 35. Na4 Rf5 36. Qc3 Qxc3 37. Nxc3 Kf6 38. Be2 Ra5 39. a4
Ke5 40. b4 Ra7 41. c5 Bb3 42. a5 Rd7 43. a6 Kd4 44. c6 Re7 45. Nb5+ Kd5 46. a7
Re8 47. Bf3+ Kc4 48. Nd6+ Kxb4 49. Nxe8 Bc4 50. a8=Q Kc5 51. Qa3+ Kd4 52. Qe3#
1-0

[Event "ICS rated blitz match"]
[Site "204.178.125.65"]
[Date "2000.03.04"]
[Round "?"]
[White "Hossa"]
[Black "PostModernist"]
[Result "1/2-1/2"]
[WhiteElo "2480"]
[BlackElo "2621"]
[PlyCount "135"]

1. e4 c6 2. d4 d5 3. exd5 cxd5 4. Bd3 Nc6 5. c3 Qc7 6. Ne2 Bg4 7. O-O Bxe2 8.
Qxe2 e6 9. Qg4 Nf6 10. Qg3 Qxg3 11. fxg3 e5 12. Bb5 e4 13. a4 Be7 14. a5 a6 15.
Be2 Bd8 16. Rf5 Bxa5 17. Bg5 Bd8 18. Nd2 Ne7 19. Rf2 Nc8 20. Bb5+ Kf8 21. Rff1
Nd6 22. Be2 Kg8 23. Nb3 Rc8 24. Ra2 Be7 25. Nc5 Rc7 26. Nb3 h6 27. Bf4 Rh7 28.
Raa1 Rc6 29. Na5 Rb6 30. Rab1 Nfe8 31. b4 Bg5 32. Bxg5 hxg5 33. h3 Nf6 34. c4
dxc4 35. Rfc1 c3 36. Rxc3 Nd5 37. Rc5 Rxb4 38. Rxb4 Nxb4 39. Nxb7 Rh6 40. Nxd6
Rxd6 41. Kf2 g6 42. Ke3 f5 43. g4 Rf6 44. gxf5 gxf5 45. g4 f4+ 46. Kxe4 Re6+
47. Re5 Rg6 48. Bc4+ Kh7 49. d5 a5 50. h4 gxh4 51. Kxf4 Rd6 52. Rh5+ Rh6 53. d6
Rxh5 54. gxh5 Kh6 55. Bb5 Nd5+ 56. Kf5 Nb6 57. Kg4 h3 58. Kxh3 Kxh5 59. Kg3 Kg5
60. Bc6 Kf6 61. Kf4 Ke6 62. d7 Nxd7 63. Bxd7+ Kxd7 64. Ke5 a4 65. Kd4 a3 66.
Kc3 a2 67. Kb2 a1=Q+ 68. Kxa1 1/2-1/2

[Event "ICS rated blitz match"]
[Site "204.178.125.65"]
[Date "2000.03.04"]
[Round "?"]
[White "kidza"]
[Black "Hossa"]
[Result "0-1"]
[WhiteElo "2050"]
[BlackElo "2486"]
[PlyCount "62"]

1. e4 c5 2. Nc3 Nc6 3. f4 g6 4. Nf3 Bg7 5. Bc4 e6 6. O-O Nge7 7. Qe1 O-O 8. d3
d5 9. Bb3 a6 10. a4 c4 11. dxc4 Bxc3 12. Qxc3 dxe4 13. Ne5 Nd4 14. Qe3 f6 15.
Ng4 f5 16. Ne5 Nxb3 17. cxb3 Nc6 18. Nxc6 bxc6 19. Bd2 Rf7 20. Bc3 Rd7 21. Be5
Bb7 22. Qe2 Qb6+ 23. Kh1 Qxb3 24. Rfd1 Rad8 25. Rxd7 Rxd7 26. h3 a5 27. Ra3 Qb6
28. h4 Qd8 29. h5 Rd2 30. Qe3 Qh4+ 31. Kg1 Rd1+ 0-1

[Event "ICS rated blitz match"]
[Site "204.178.125.65"]
[Date "2000.03.04"]
[Round "?"]
[White "Banane"]
[Black "Hossa"]
[Result "0-1"]
[WhiteElo "2239"]
[BlackElo "2461"]
[PlyCount "23"]

1. d4 Nf6 2. Bg5 Ne4 3. Bf4 c5 4. dxc5 Nc6 5. f3 e5 6. Bg3 Nxg3 7. hxg3 Bxc5 8.
Nc3 Qb6 9. Nh3 Qxb2 10. Ne4 Nb4 11. Rc1 Be3 12. Nd2 0-1

[Event "ICS rated blitz match"]
[Site "204.178.125.65"]
[Date "2000.03.04"]
[Round "?"]
[White "Hossa"]
[Black "Amateur"]
[Result "1/2-1/2"]
[WhiteElo "2468"]
[BlackElo "2503"]
[PlyCount "271"]

1. d4 Nf6 2. c4 c5 3. d5 e6 4. Nc3 exd5 5. cxd5 d6 6. e4 g6 7. Nf3 Bg7 8. h3
O-O 9. Bd3 Na6 10. O-O Re8 11. Bxa6 bxa6 12. Bg5 h6 13. Bxf6 Qxf6 14. Rc1 Rb8
15. b3 Qf4 16. Re1 Bxc3 17. Rxc3 Rxe4 18. Rxe4 Qxe4 19. Re3 Qf5 20. Re8+ Kg7
21. Qa1+ f6 22. Nh4 Qd7 23. Re2 Rb4 24. Qe1 Kf7 25. Nf3 f5 26. Re6 Qd8 27. Re3
Bd7 28. a3 Rb5 29. Qd2 Qf6 30. Re1 f4 31. Qc2 Rb8 32. Qe2 Bb5 33. Qe6+ Qxe6 34.
Rxe6 Rb6 35. Re4 g5 36. Nd2 Bd7 37. Re1 Kf8 38. Rc1 a5 39. a4 Ke7 40. Re1+ Kf8
41. Rc1 Bf5 42. Re1 Bc2 43. Re6 h5 44. Kh2 Bxb3 45. Nxb3 Rxb3 46. Rxd6 Rb4 47.
Rg6 g4 48. hxg4 hxg4 49. Rxg4 Rxa4 50. Rg6 Ke7 51. g4 fxg3+ 52. Kxg3 c4 53. Kf4
c3+ 54. Ke5 Rc4 55. d6+ Kf7 56. d7 Ke7 57. Rg7+ Kd8 58. Kd6 Rd4+ 59. Ke6 Kc7
60. Rg3 Rd6+ 61. Ke7 Rxd7+ 62. Ke8 Rd4 63. Rxc3+ Kb6 64. Rb3+ Ka6 65. Ke7 a4
66. Rb8 a3 67. Rb1 Re4+ 68. Kd6 Ka5 69. Rb7 Rf4 70. Rxa7+ Kb4 71. Rb7+ Ka4 72.
Ra7+ Kb3 73. Rb7+ Rb4 74. Ra7 a2 75. Rxa2 Kxa2 76. Ke5 Kb3 77. f4 Kc4 78. f5
Rb5+ 79. Ke6 Rb6+ 80. Ke5 Rb7 81. Ke6 Kd4 82. f6 Rb6+ 83. Ke7 Ke5 84. f7 Rb7+
85. Ke8 Ke6 86. f8=N+ Kd6 87. Ng6 Rg7 88. Nf8 Re7+ 89. Kd8 Ra7 90. Ke8 Rg7 91.
Kd8 Re7 92. Ng6 Re1 93. Nf8 Rg1 94. Ke8 Rf1 95. Nd7 Re1+ 96. Kd8 Rh1 97. Ke8
Rh4 98. Nf6 Ke6 99. Ng8 Rh1 100. Kf8 Rh7 101. Ke8 Rf7 102. Nh6 Rh7 103. Ng8 Rh2
104. Kf8 Rf2+ 105. Kg7 Ra2 106. Nh6 Rg2+ 107. Kf8 Rg3 108. Ng8 Ra3 109. Nh6
Rf3+ 110. Kg7 Rg3+ 111. Kf8 Rg2 112. Ng8 Rd2 113. Nh6 Rf2+ 114. Kg7 Rh2 115.
Kg6 Rg2+ 116. Kh5 Rf2 117. Ng4 Rf4 118. Kg5 Rf3 119. Kg6 Rf1 120. Ne3 Rf3 121.
Ng4 Rf5 122. Ne3 Rc5 123. Ng4 Rc3 124. Nf2 Rg3+ 125. Kh5 Kf5 126. Kh4 Ra3 127.
Nh3 Ra4+ 128. Kg3 Ra1 129. Kf3 Ra3+ 130. Kg2 Rb3 131. Nf2 Ra3 132. Nh3 Re3 133.
Nf2 Rb3 134. Nd1 Ke5 135. Kf2 Kd4 136. Ke2 1/2-1/2

[Event "ICS rated blitz match"]
[Site "204.178.125.65"]
[Date "2000.03.04"]
[Round "?"]
[White "Amateur"]
[Black "Hossa"]
[Result "1-0"]
[WhiteElo "2501"]
[BlackElo "2470"]
[PlyCount "151"]

1. e4 e5 2. Nf3 Nc6 3. d4 exd4 4. Nxd4 Nf6 5. Nxc6 bxc6 6. e5 Qe7 7. Qe2 Nd5 8.
c4 Ba6 9. Qe4 Nb6 10. Nd2 d5 11. exd6 cxd6 12. Qe2 O-O-O 13. Qxe7 Bxe7 14. c5
Bxf1 15. cxb6 Bxg2 16. bxa7 Kb7 17. Rg1 Bd5 18. Nb1 Bf6 19. Nc3 Kxa7 20. Be3+
Kb7 21. Nxd5 cxd5 22. O-O-O Ra8 23. Kb1 Ra5 24. Bg5 Rha8 25. Bxf6 gxf6 26. a3
Rb5 27. Rd3 Re8 28. Rg7 Re2 29. Rxf7+ Kb6 30. b4 Rxf2 31. Rxh7 f5 32. Rd4 Kc6
33. a4 Rb8 34. Kc1 Re8 35. Rd2 Ree2 36. Rxe2 Rxe2 37. b5+ Kc5 38. Rc7+ Kb6 39.
Rc6+ Ka5 40. Ra6+ Kb4 41. b6 Kc3 42. Kd1 Rxh2 43. Ra8 Rb2 44. a5 Kd3 45. Ke1 d4
46. Rd8 Rb1+ 47. Kf2 Ke4 48. a6 Rb2+ 49. Ke1 Rb1+ 50. Kd2 Rb2+ 51. Kc1 Rxb6 52.
a7 Ra6 53. Re8+ Kd5 54. a8=Q+ Rxa8 55. Rxa8 f4 56. Kd2 Kc4 57. Rf8 Kd5 58. Rxf4
Kc4 59. Rh4 Kc5 60. Kd3 Kd5 61. Rh5+ Ke6 62. Kxd4 Kf6 63. Rh6+ Kf5 64. Rxd6 Kf4
65. Rf6+ Kg5 66. Ke5 Kg4 67. Ke4 Kg5 68. Rd6 Kg4 69. Rg6+ Kh5 70. Rg1 Kh4 71.
Kf4 Kh5 72. Rg2 Kh6 73. Kf5 Kh7 74. Kf6 Kh8 75. Kf7 Kh7 76. Rh2# 1-0

[Event "ICS Rated blitz match"]
[Site "204.178.125.65"]
[Date "2000.03.04"]
[Round "?"]
[White "pibebaldoza"]
[Black "Hossa"]
[Result "0-1"]
[WhiteElo "2281"]
[BlackElo "2455"]
[PlyCount "30"]

1. d4 d5 2. c4 dxc4 3. e4 e5 4. d5 Nf6 5. Nc3 b5 6. Bg5 Bb4 7. a4 Bd7 8. Nf3
bxa4 9. Nxe5 a3 10. Qc2 axb2 11. Qxb2 Qe7 12. f4 Qc5 13. Bxf6 Qe3+ 14. Kd1 Bxc3
15. Qc2 Qe1# 0-1

[Event "ICS rated blitz match"]
[Site "204.178.125.65"]
[Date "2000.03.04"]
[Round "?"]
[White "Hossa"]
[Black "PostModernist"]
[Result "0-1"]
[WhiteElo "2464"]
[BlackElo "2615"]
[PlyCount "104"]
[EventDate "2000.??.??"]

1. e4 c6 2. d4 d5 3. Nc3 dxe4 4. Nxe4 Nd7 5. Nf3 Ngf6 6. Nxf6+ Nxf6 7. Ne5 Be6
8. Be2 g6 9. O-O Bg7 10. c4 O-O 11. Be3 Ne4 12. Qc2 Nd6 13. Rad1 Nf5 14. Qc3 f6
15. Nd3 Nxe3 16. fxe3 f5 17. Rf2 Qc7 18. Rdf1 Rfd8 19. Qb3 b6 20. a4 g5 21. g3
Qd6 22. Ne1 b5 23. axb5 cxb5 24. Bd3 Rab8 25. Qc2 bxc4 26. Bxf5 Bxf5 27. Qxf5
Qd5 28. Qg4 Rb6 29. Nf3 h6 30. Qh5 Rdb8 31. Ne1 Qe6 32. Ng2 Rxb2 33. Rxb2 Rxb2
34. Qe8+ Kh7 35. Qa8 c3 36. Qf3 c2 37. d5 Qg6 38. d6 exd6 39. Qd5 Rb1 40. Qc4
Rxf1+ 41. Qxf1 Bb2 42. g4 c1=Q 43. Qxc1 Bxc1 44. Kf2 Qf7+ 45. Ke2 Qc4+ 46. Kf2
Qxg4 47. Kf1 Qf3+ 48. Kg1 g4 49. e4 Bb2 50. h3 Bd4+ 51. Ne3 Bxe3+ 52. Kh2 Qxh3#
0-1

[Event "ICS rated blitz match"]
[Site "204.178.125.65"]
[Date "2000.03.04"]
[Round "?"]
[White "PostModernist"]
[Black "Hossa"]
[Result "1-0"]
[WhiteElo "2624"]
[BlackElo "2455"]
[PlyCount "173"]

1. d4 d5 2. Nf3 Nf6 3. e3 e6 4. Nbd2 Bd6 5. Bd3 O-O 6. O-O c5 7. c3 Nc6 8. Qe2
e5 9. dxc5 Bxc5 10. e4 Bg4 11. h3 Bh5 12. exd5 Qxd5 13. Ne4 Rfd8 14. Nxf6+ gxf6
15. Be4 Qe6 16. b4 Bb6 17. a4 Rac8 18. a5 Bc7 19. a6 bxa6 20. Rxa6 Bb6 21. b5
Nb8 22. Ra3 f5 23. Bc2 e4 24. g4 Bc5 25. Ng5 Qe5 26. gxh5 Bxa3 27. Bxa3 Qxc3
28. Bxe4 fxe4 29. Qg4 Qg7 30. Nxe4 Rc2 31. Be7 Qxg4+ 32. hxg4 Rdc8 33. Nf6+ Kg7
34. g5 Re2 35. Nd5 Rd2 36. Ne3 Kh8 37. Bf6+ Kg8 38. Nf5 Rcc2 39. Bd4 a6 40. Re1
Re2 41. Rxe2 Rxe2 42. b6 Nc6 43. Be3 a5 44. Kg2 a4 45. Nh6+ Kg7 46. Nf5+ Kf8
47. Kf3 Re1 48. Kg3 Ke8 49. Nd6+ Kd7 50. Nb5 Nd8 51. Kg4 Kc6 52. Nd4+ Kd5 53.
Nb5 Kc4 54. Nd6+ Kc3 55. Bc5 Rb1 56. Ne4+ Kd3 57. Nf6 Ne6 58. Nd7 Nxc5 59.
Nxc5+ Kc4 60. Nxa4 Kb4 61. Kf5 Kxa4 62. Kf6 Rxb6+ 63. Kxf7 Rb7+ 64. Kg8 Rb8+
65. Kxh7 Rb7+ 66. Kh6 Rb8 67. g6 Rb6 68. Kh7 Rb5 69. h6 Rb1 70. g7 Rh1 71. g8=Q
Rh4 72. Qe8+ Kb3 73. Qe6+ Kc2 74. Qg6+ Kd1 75. f4 Ke2 76. Qg2+ Kd1 77. Qf1+ Kc2
78. Qf2+ Kc3 79. Qxh4 Kd3 80. Kg6 Kc4 81. h7 Kb3 82. h8=Q Kc4 83. Qg3 Kb4 84.
Qhc3+ Kb5 85. Qg5+ Kb6 86. Qga5+ Kb7 87. Qcc7# 1-0